000 00614nam a22001937a 4500
005 20140812161307.0
010 _aENG-110357
020 _a9789350622544
_c695.00
035 _aEN-93889
037 _bDBAD/PUB
082 _a658.3125
245 _aMapping business excellence through vision, values and vibrant practices /
_cedited by Sachin Mittal...[et al]
260 _aNew Delhi
_bExcel Books
_c2013
270 _aA-45, Naraina, Phase I
_bNew Delhi
_e110028
300 _axxiii,552p.
_c24cm(pbk)
500 _aIncludes index
700 _aMittal, Sachin
942 _2ddc
_cEN
_mMAP
_h658.3125
999 _c86346
_d86346